000 00958cam a22002895a 4500
001 18824096
003 EG-ScBUE
005 20220116104239.0
008 151020s2016 enk f b 001 0 eng d
020 _a9781138912557
040 _aDLC
_beng
_erda
_cDLC
_dDLC
_dEG-ScBUE
082 0 4 _a418.02
_222
_bMUN
100 1 _aMunday, Jeremy,
_eauthor.
_938934
245 1 0 _aIntroducing translation studies :
_btheories and applications /
_cJeremy Munday.
250 _aFourth edition.
264 1 _aOxon ;
_aNew York :
_bRoutledge / Taylor & Francis Group,
_c2016.
300 _axvi, 376 pages ;
_c26 cm
336 _2rdacontent
_atext
_btxt
337 _2rdamedia
_aunmediated
_bn
338 _2rdacarrier
_avolume
_bnc
504 _aIncludes bibliographical references and index.
650 7 _aTranslating and interpreting.
_2BUEsh
_939247
651 _2BUEsh
653 _cJuly2016
_cSeptember2016
_bHHUUEENN
655 _vReading book
_934232
942 _2ddc
_cBB
999 _c21975
_d21947